000 02571cam a22004814i 4500
003 PE-LiUPU
005 20250731172802.0
008 150617s1964 xxk r 000 0 spa d
035 _a(Sirsi) a13120
040 _aPE-LiUPU
_bspa
_cPE-LiUPU
_erda
049 _aPRUA
082 0 4 _a231.042
_bW32
_221
110 2 _aWatchtower Bible and Trac Society
245 1 0 _aSantificado sea tu nombre /
_cWatchtower Bible and Trac Society.
264 1 _aNew York :
_bInternational Bible Students Association,
_c1964.
300 _a551 páginas ;
_c19 centímetros
336 _atext
_2rdacontent
337 _aunmediated
_2rdamedia
338 _avolume
_2rdacarrier
505 0 _aEl nombre más grandioso del universo -- El libro del nombre -- Lo que hizo necesario santificarlo -- Su profanación causa el fin de un mundo -- Invocándolo con fe -- Haciendo para sí un nombre -- El Dios que escribió su propio nombre -- Consecuencias nacionales por haberlo profanado -- El Dios verdadero contra Baal -- Adelantando en la comisión no terminada -- Ejecutando juicio en sus profanadores -- Un sostenedor de la santificación del nombre -- Volviendo corazones al nombre -- Oración pidiendo que sea santificado -- Sacando un pueblo para su nombre -- El precursor prometido prepara el camino -- Comisionando y entrenando a un sucesor -- Educación actual para santificar el nombre -- Cómo santifica su propio nombre -- ¿Santificará usted su nombre ahora?.
526 _aSEG42
526 _aSEG41
526 _aSEG40
526 _aSEG39
526 _aP94
526 _aP87
526 _aP86
526 _aP85
526 _aP77
526 _aP76
526 _aP35
650 0 4 _aPADRENUESTRO (TESTIGOS DE JEHOVA).
910 _ajck
_bjvq
_cjck
_d20150616
942 _2ddc
_cBOOK
949 _a231.042 W32
_wDEWEY
_c1
_i17685
_lCCODEBUL1
_mBUL
_p35.00
_r0
_sY
_tBOOK
_u19800526
_xTEOLOGIA
_PP35
_0COMPRA
_o.STAFF. Colección Teología
949 _a231.042 W32
_wDEWEY
_c2
_i09136
_lCCODEBUL1
_mBUL
_p35.00
_r0
_sY
_tBOOK
_u19800526
_xTEOLOGIA
_PP35
_0COMPRA
_o.STAFF. Colección Teología
994 _aC0
_bPEPRU
596 _a1
999 _a231.042 W32
_wDEWEY
_c3455
_i17685
_f2021-11-11
_g5
_lCCODEBUL1
_mBUL
_r0
_sY
_tBOOK
_u2015-6-17
_xTEOLOGIA
_PP35
_0COMPRA
_o.STAFF. Colección General
_d3455
999 _a231.042 W32
_wDEWEY
_c2
_i09136
_d2017-11-16
_e2017-11-12
_f2021-11-11
_g5
_lCCODEBUL1
_mBUL
_n1
_p35.00
_q1
_r0
_sY
_tBOOK
_u2015-6-17
_xTEOLOGIA
_PP35
_0COMPRA
_o.STAFF. Colección Teología
980 _81
_gALBERTO SANCHEZ Responsable de Automatización